[Event "Sonderjysk EMT 1. klasse 2013"]
[Site "Haderslev"]
[Date "2013.04.29"]
[Round "1"]
[White "Asmund, Erik"]
[Black "Hedegaard, David"]
[Result "1-0"]
[WhiteElo "1444"]
[BlackElo "1432"]
[PlyCount "49"]
[EventDate "2013.??.??"]

1. e4 c5 2. f4 a6 3. Nf3 Nc6 4. c3 Qc7 5. d3 d6 6. Be3 e6 7. Be2 Nf6 8. O-O Be7
9. Bf2 Ng4 10. Ne1 Nxf2 11. Rxf2 O-O 12. Nf3 f5 13. Qc2 fxe4 14. dxe4 Rxf4 15.
Bd3 b5 16. Nbd2 e5 17. Nf1 Bg4 18. Ne3 Qd8 19. Nxg4 Rxg4 20. Raf1 Qd7 21. Be2
Rf8 22. Qd1 Rxe4 23. Qd5+ Kh8 24. Qxe4 d5 25. Nxe5 1-0

[Event "Sonderjysk EMT 1. klasse 2013"]
[Site "Haderslev"]
[Date "2013.04.29"]
[Round "1"]
[White "Clausen, Hansjorgen"]
[Black "Posselt, Karl"]
[Result "1-0"]
[WhiteElo "1576"]
[BlackElo "1607"]
[PlyCount "79"]
[EventDate "2013.??.??"]

1. d4 f5 2. Nf3 Nf6 3. c4 e6 4. Nc3 c6 5. Bg5 Be7 6. e3 O-O 7. Be2 d5 8. O-O
Nbd7 9. h3 Ne4 10. Bxe7 Qxe7 11. Qc2 Rf6 12. cxd5 exd5 13. Nh4 Nf8 14. Nxe4
fxe4 15. g4 Rh6 16. Ng2 Rxh3 17. f4 Ng6 18. Kf2 Nh4 19. Rh1 Rxh1 20. Rxh1 Nxg2
21. Kxg2 Be6 22. a3 Rf8 23. Qc5 Qxc5 24. dxc5 b6 25. cxb6 axb6 26. Kg3 c5 27.
Rd1 Rd8 28. f5 Bf7 29. Kf4 Kf8 30. Bb5 Ke7 31. Ke5 Be8 32. Bxe8 Kxe8 33. Rxd5
Rxd5+ 34. Kxd5 Kd7 35. Kxe4 Kd6 36. Kf4 h6 37. e4 b5 38. e5+ Ke7 39. g5 hxg5+
40. Kxg5 1-0

[Event "Sonderjysk EMT 1. klasse 2013"]
[Site "Haderslev"]
[Date "2013.04.29"]
[Round "1"]
[White "Feldborg, Henrik"]
[Black "Skovvart, Niels"]
[Result "1/2-1/2"]
[WhiteElo "1587"]
[BlackElo "1686"]
[PlyCount "121"]
[EventDate "2013.??.??"]

1. e4 c6 2. Nf3 d5 3. exd5 cxd5 4. d4 Bf5 5. Bd3 Bxd3 6. Qxd3 Nc6 7. Nc3 e6 8.
a3 Nf6 9. O-O Be7 10. Bf4 O-O 11. Rad1 Rc8 12. Rfe1 a6 13. Ne5 Nh5 14. Nxc6
Rxc6 15. Be5 Bg5 16. Qf3 Nf6 17. Qg3 Bh6 18. Qf3 Bg5 19. g3 Nd7 20. Bf4 Bxf4
21. Qxf4 Qb6 22. Rb1 Rc4 23. Red1 e5 24. Qf5 Qe6 25. Qxe6 fxe6 26. dxe5 Nxe5
27. Kg2 Ng4 28. Rd2 Rfc8 29. Re1 Kf7 30. Rde2 R8c6 31. h3 Nf6 32. f3 b5 33. Rc1
d4 34. Na2 d3 35. Rd2 Rxc2 36. Rdxc2 Rxc2+ 37. Rxc2 dxc2 38. Kf2 Nd5 39. Ke2 b4
40. Nc1 bxa3 41. bxa3 Kf6 42. Kd3 h5 43. Ne2 g5 44. Kxc2 Ke5 45. Kd3 Kd6 46.
Nd4 Ne7 47. Ke4 a5 48. a4 Nd5 49. Kd3 e5 50. Nf5+ Kc5 51. Ng7 Nf6 52. Ne6+ Kb4
53. Nxg5 Kxa4 54. Kc2 Nd5 55. g4 Nf4 56. gxh5 Nxh5 57. Nf7 Nf4 58. h4 Kb5 59.
Nxe5 Nh5 60. Ng6 Kc5 61. f4 1/2-1/2

[Event "Sonderjysk EMT 1. klasse 2013"]
[Site "Haderslev"]
[Date "2013.05.06"]
[Round "2"]
[White "Asmund, Erik"]
[Black "Clausen, Hansjorgen"]
[Result "1/2-1/2"]
[WhiteElo "1444"]
[BlackElo "1576"]
[PlyCount "29"]
[EventDate "2013.??.??"]

1. e4 b6 2. d4 e6 3. Nf3 Bb7 4. Bd3 Be7 5. c3 Nf6 6. Qc2 d6 7. Be3 Nbd7 8. Nbd2
O-O 9. O-O e5 10. h3 a5 11. a4 Nh5 12. Nh2 Bg5 13. Bxg5 Qxg5 14. Ndf3 Qe7 15.
Qd2 1/2-1/2

[Event "Sonderjysk EMT 1. klasse 2013"]
[Site "Haderslev"]
[Date "2013.05.06"]
[Round "2"]
[White "Hedegaard, David"]
[Black "Skovvart, Niels"]
[Result "0-1"]
[WhiteElo "1432"]
[BlackElo "1686"]
[PlyCount "64"]
[EventDate "2013.??.??"]

1. d4 Nf6 2. Nf3 g6 3. g3 Bg7 4. Bg2 c5 5. c3 cxd4 6. cxd4 O-O 7. O-O d5 8. Nc3
Nc6 9. Re1 a6 10. e3 b5 11. Ne5 Qd6 12. Nxc6 Qxc6 13. Nxd5 Nxd5 14. e4 Nf6 15.
d5 Qd7 16. e5 Ne8 17. e6 fxe6 18. Bh3 Qd6 19. Bxe6+ Bxe6 20. Rxe6 Qd7 21. Qb3
Nc7 22. Re3 Nxd5 23. Rd3 e6 24. Bg5 Rf5 25. Bf4 Qc6 26. Rc1 Qb6 27. Be3 Nxe3
28. Rxe3 Re8 29. Rce1 Kf7 30. Rd1 Bd4 31. Red3 Bxf2+ 32. Kh1 Qc6+ 0-1

[Event "Sonderjysk EMT 1. klasse 2013"]
[Site "Haderslev"]
[Date "2013.05.06"]
[Round "2"]
[White "Petersen, Broder"]
[Black "Feldborg, Henrik"]
[Result "1-0"]
[WhiteElo "1506"]
[BlackElo "1587"]
[PlyCount "73"]
[EventDate "2013.??.??"]

1. e4 e5 2. c4 Nf6 3. Nc3 Nc6 4. d3 Bc5 5. Be3 Nd4 6. Nf3 d6 7. a3 a6 8. Nd5
Bg4 9. Be2 Nxe2 10. Qxe2 c6 11. Nxf6+ Qxf6 12. Bxc5 dxc5 13. h3 Bxf3 14. Qxf3
Qd6 15. O-O O-O 16. Qe3 Rad8 17. Rad1 Qd4 18. b4 cxb4 19. axb4 b5 20. cxb5 cxb5
21. Ra1 Qxe3 22. fxe3 Rxd3 23. Rxa6 Rb3 24. Kf2 Rb8 25. Rd1 f6 26. Rd7 Rxb4 27.
Raa7 Rb2+ 28. Kf3 Rc2 29. Rxg7+ Kf8 30. Raf7+ Ke8 31. Rxf6 Rcc8 32. Rxh7 b4 33.
Re6+ Kd8 34. Rxe5 b3 35. Rd5+ Ke8 36. Rh8+ Ke7 37. Rxc8 1-0

[Event "Sonderjysk EMT 1. klasse 2013"]
[Site "Haderslev"]
[Date "2013.05.06"]
[Round "2"]
[White "Posselt, Karl"]
[Black "Schroder, Borge"]
[Result "1/2-1/2"]
[WhiteElo "1607"]
[BlackElo "1712"]
[PlyCount "68"]
[EventDate "2013.??.??"]

1. f4 c5 2. Nf3 Nc6 3. e3 g6 4. c3 Bg7 5. Be2 e6 6. O-O Nge7 7. d3 O-O 8. Nbd2
d5 9. Re1 b6 10. Nf1 Bb7 11. Bd2 d4 12. e4 Re8 13. c4 a6 14. g4 Qc7 15. Ng3 Bh6
16. e5 Bg7 17. Ne4 Kh8 18. Nd6 Rf8 19. Ng5 Ng8 20. Bf3 h6 21. Nge4 Nd8 22. Nxb7
Nxb7 23. Nd6 Nxd6 24. exd6 Qxd6 25. Bxa8 Rxa8 26. Qf3 Rb8 27. b3 b5 28. Rab1 b4
29. h4 Rb6 30. Re2 Qd8 31. Be1 Ne7 32. Bg3 a5 33. h5 gxh5 34. gxh5 Nf5 1/2-1/2

[Event "Sonderjysk EMT 1. klasse 2013"]
[Site "Haderslev"]
[Date "2013.05.13"]
[Round "3"]
[White "Clausen, Hansjorgen"]
[Black "Hedegaard, David"]
[Result "1/2-1/2"]
[WhiteElo "1576"]
[BlackElo "1432"]
[PlyCount "72"]
[EventDate "2013.??.??"]

1. d4 d5 2. Nf3 Nf6 3. Bf4 e6 4. e3 c5 5. c3 Qb6 6. Qc2 Nh5 7. Bxb8 Rxb8 8. Be2
Be7 9. Nbd2 O-O 10. O-O Nf6 11. h3 Bd7 12. b3 cxd4 13. exd4 Rfc8 14. c4 Bc6 15.
c5 Qc7 16. b4 b6 17. b5 Be8 18. c6 Qf4 19. Nb3 Bd6 20. Qd2 a5 21. Qxf4 Bxf4 22.
a4 Ne4 23. Bd3 Ng5 24. Nxg5 Bxg5 25. f4 Bf6 26. g4 h6 27. Kg2 g5 28. f5 Kg7 29.
Rae1 Bxc6 30. bxc6 Rxc6 31. Rc1 Rbc8 32. fxe6 fxe6 33. Kf3 Rxc1 34. Rxc1 Rxc1
35. Nxc1 Bxd4 36. Ne2 Bc5 1/2-1/2

[Event "Sonderjysk EMT 1. klasse 2013"]
[Site "Haderslev"]
[Date "2013.05.13"]
[Round "3"]
[White "Schroder, Borge"]
[Black "Asmund, Erik"]
[Result "1-0"]
[WhiteElo "1712"]
[BlackElo "1444"]
[PlyCount "127"]
[EventDate "2013.??.??"]

1. c4 f5 2. Nc3 Nf6 3. g3 e6 4. Bg2 c6 5. e3 Be7 6. Nge2 O-O 7. O-O d5 8. b3
Bd7 9. d4 Be8 10. Nf4 Bf7 11. Nd3 Nbd7 12. Qc2 Bd6 13. Rb1 Rb8 14. Rd1 Bg6 15.
Ne2 Qe8 16. Bb2 e5 17. dxe5 Nxe5 18. Ndf4 Rc8 19. Qd2 Bb8 20. cxd5 cxd5 21.
Nxg6 Nxg6 22. Bxd5+ Nxd5 23. Qxd5+ Qf7 24. Qxf7+ Rxf7 25. Rbc1 Rxc1 26. Rxc1
Be5 27. Nd4 Bxd4 28. Bxd4 a6 29. Kg2 Ne7 30. Bc5 Nc6 31. Rd1 g6 32. f4 h5 33.
h4 Kg7 34. Kf3 Rc7 35. b4 Kf7 36. e4 fxe4+ 37. Kxe4 a5 38. a3 axb4 39. axb4 Ne7
40. Bxe7 Rxe7+ 41. Kf3 Rc7 42. Rd3 Ke6 43. Re3+ Kd5 44. Re5+ Kd6 45. Rg5 Rc3+
46. Ke2 Rb3 47. b5 Kc7 48. Kd2 Kb6 49. Kc2 Rxb5 50. Rxg6+ Ka5 51. Rg5 b6 52.
Rxb5+ Kxb5 53. Kc3 Kc5 54. Kd3 Kd5 55. Kc2 Kc4 56. Kb2 b5 57. Kc2 b4 58. Kb1
Kd4 59. Ka2 Ke4 60. Kb3 Kf5 61. Kxb4 Kg4 62. Kc4 Kxg3 63. f5 Kxh4 64. f6 1-0

[Event "Sonderjysk EMT 1. klasse 2013"]
[Site "Haderslev"]
[Date "2013.05.13"]
[Round "3"]
[White "Skovvart, Niels"]
[Black "Petersen, Broder"]
[Result "1-0"]
[WhiteElo "1686"]
[BlackElo "1506"]
[PlyCount "73"]
[EventDate "2013.??.??"]

1. d4 d5 2. Nf3 f5 3. c4 Nf6 4. Nc3 e6 5. Bg5 c5 6. e3 h6 7. Bh4 g5 8. Bg3 cxd4
9. Qxd4 Nc6 10. Qd1 Bb4 11. a3 Bxc3+ 12. bxc3 Ne4 13. Qb3 Na5 14. Qb4 Nc6 15.
Qb3 Qa5 16. Rc1 Bd7 17. cxd5 exd5 18. Bb5 a6 19. Bxc6 Bxc6 20. Be5 O-O 21. Qb2
Qb5 22. Rb1 Qd3 23. Bd4 f4 24. Ne5 Qb5 25. Qa1 Qa5 26. Rb6 fxe3 27. fxe3 Kh7
28. Nxc6 bxc6 29. Rb7+ Kg6 30. Rg7+ Kf5 31. O-O+ Ke6 32. Rg6+ Kd7 33. Rxf8 Rxf8
34. Qb2 Qb5 35. Qxb5 axb5 36. Rxh6 Rf1+ 37. Kxf1 1-0

[Event "Sonderjysk EMT 1. klasse 2013"]
[Site "Haderslev"]
[Date "2013.05.27"]
[Round "4"]
[White "Asmund, Erik"]
[Black "Feldborg, Henrik"]
[Result "1/2-1/2"]
[WhiteElo "1444"]
[BlackElo "1587"]
[PlyCount "44"]
[EventDate "2013.??.??"]

1. e4 c5 2. Nf3 d6 3. Nc3 Nc6 4. b3 Nf6 5. Be2 g6 6. Bb2 Bg7 7. Rb1 O-O 8. O-O
Nd4 9. d3 e6 10. a4 a6 11. Nxd4 cxd4 12. Na2 Ne8 13. c3 dxc3 14. Bxc3 Bd7 15.
Bxg7 Nxg7 16. Qd2 Rc8 17. Rfc1 Qb6 18. Qb4 Rxc1+ 19. Rxc1 Qxb4 20. Nxb4 Rc8 21.
Rxc8+ Bxc8 22. Nc2 Bd7 1/2-1/2

[Event "Sonderjysk EMT 1. klasse 2013"]
[Site "Haderslev"]
[Date "2013.05.27"]
[Round "4"]
[White "Clausen, Hansjorgen"]
[Black "Schroder, Borge"]
[Result "1/2-1/2"]
[WhiteElo "1576"]
[BlackElo "1712"]
[PlyCount "102"]
[EventDate "2013.??.??"]

1. d4 b6 2. e4 Bb7 3. Bd3 e6 4. c4 Nf6 5. Qe2 c5 6. d5 e5 7. Nc3 d6 8. f4 Nbd7
9. Nf3 exf4 10. Bxf4 Ng4 11. h3 Nge5 12. Bc2 f6 13. Nxe5 fxe5 14. Bg3 Qg5 15.
Qf3 Be7 16. h4 Qh6 17. Bf2 Rf8 18. Qe2 O-O-O 19. Be3 Qg6 20. O-O-O a6 21. g4 h6
22. h5 Qh7 23. Rhf1 Qg8 24. Rxf8 Rxf8 25. Rf1 Rf7 26. Rf5 Kc7 27. Qf2 Rf8 28.
Rxf8 Qxf8 29. Qf5 Bc8 30. Qxf8 Nxf8 31. Bd1 Nh7 32. Kc2 Bg5 33. Bxg5 Nxg5 34.
Kd3 Nh7 35. Bf3 Nf6 36. Ne2 Bxg4 37. Bxg4 Nxg4 38. Ng3 Nf6 39. a3 Kd7 40. Ke3
b5 41. Kd3 Kc7 42. Kc3 Kb6 43. b3 Kc7 44. Kd3 Kd7 45. a4 Kc7 46. a5 bxc4+ 47.
bxc4 Kd8 48. Nf5 Ne8 49. Ke3 Kd7 50. Kf3 Kd8 51. Ke3 Kd7 1/2-1/2

[Event "Sonderjysk EMT 1. klasse 2013"]
[Site "Haderslev"]
[Date "2013.05.27"]
[Round "4"]
[White "Hedegaard, David"]
[Black "Petersen, Broder"]
[Result "0-1"]
[WhiteElo "1432"]
[BlackElo "1506"]
[PlyCount "46"]
[EventDate "2013.??.??"]

1. e4 e5 2. Nf3 Nc6 3. Bc4 h6 4. Nc3 Bc5 5. O-O Nf6 6. d3 d6 7. h3 a6 8. a4 Be6
9. Nd5 Nd4 10. c3 Nxf3+ 11. Qxf3 Bxd5 12. Bxd5 c6 13. Ba2 O-O 14. b4 Ba7 15.
Re1 c5 16. b5 Qa5 17. Qg3 Kh7 18. Bc4 Qxc3 19. Be3 Qa5 20. Qh4 Ng8 21. Qh5 g6
22. Qf3 Kg7 23. Ra2 Qxe1+ 0-1

[Event "Sonderjysk EMT 1. klasse 2013"]
[Site "Haderslev"]
[Date "2013.06.03"]
[Round "5"]
[White "Petersen, Broder"]
[Black "Posselt, Karl"]
[Result "1-0"]
[WhiteElo "1506"]
[BlackElo "1607"]
[PlyCount "69"]
[EventDate "2013.??.??"]

1. e4 d5 2. exd5 Nf6 3. c4 c6 4. dxc6 Nxc6 5. Nc3 Bf5 6. d3 e6 7. a3 Be7 8. Be2
O-O 9. f4 Nd7 10. Nf3 Nc5 11. d4 Ne4 12. O-O Re8 13. Be3 a6 14. Rc1 Qc7 15. Bd3
Nxc3 16. Rxc3 Bxd3 17. Qxd3 Red8 18. b4 Bf6 19. Rd1 Ne7 20. Rcc1 Nf5 21. g4
Nxe3 22. Qxe3 Qd6 23. g5 Be7 24. c5 Qd5 25. Ne5 f6 26. gxf6 Bxf6 27. Qf3 Bxe5
28. Qxd5 Rxd5 29. dxe5 Rad8 30. Rxd5 exd5 31. c6 b6 32. c7 Rc8 33. Rc6 Kf7 34.
Rxb6 Rxc7 35. Rxa6 1-0

[Event "Sonderjysk EMT 1. klasse 2013"]
[Site "Haderslev"]
[Date "2013.06.03"]
[Round "5"]
[White "Schroder, Borge"]
[Black "Hedegaard, David"]
[Result "1/2-1/2"]
[WhiteElo "1712"]
[BlackElo "1432"]
[PlyCount "90"]
[EventDate "2013.??.??"]

1. c4 e5 2. Nc3 Nc6 3. g3 Nf6 4. Bg2 Bc5 5. e3 d6 6. Nge2 Bf5 7. e4 Bg6 8. d3
Bh5 9. O-O Nd4 10. Be3 c6 11. Bxd4 Bxd4 12. Qd2 Qa5 13. Nxd4 exd4 14. Nb1 Qxd2
15. Nxd2 Be2 16. Rfe1 Bxd3 17. e5 dxe5 18. Rxe5+ Kd7 19. Rd1 Bc2 20. Rc1 Bg6
21. Nb3 d3 22. Rd1 Rhe8 23. f4 Rad8 24. Rxe8 Kxe8 25. Nc5 d2 26. Nb3 Bc2 27.
Rxd2 Rxd2 28. Nxd2 Kd7 29. h3 Kd6 30. b4 b6 31. Kf2 c5 32. a3 h6 33. Ke3 Ke6
34. Ne4 Nxe4 35. Bxe4 Bxe4 36. Kxe4 f5+ 37. Kd3 h5 38. Kc3 Kd6 39. Kb3 a6 40.
a4 a5 41. b5 Ke6 42. Kc3 Kf6 43. Kd3 Kg6 44. Ke3 Kh6 45. Kf3 Kg6 1/2-1/2

[Event "Sonderjysk EMT 1. klasse 2013"]
[Site "Haderslev"]
[Date "2013.06.03"]
[Round "5"]
[White "Skovvart, Niels"]
[Black "Asmund, Erik"]
[Result "1-0"]
[WhiteElo "1686"]
[BlackElo "1444"]
[PlyCount "75"]
[EventDate "2013.??.??"]

1. d4 Nf6 2. Nf3 e6 3. Bg5 Be7 4. Nbd2 b6 5. e3 h6 6. Bh4 Bb7 7. Bd3 d6 8. Qe2
Nbd7 9. O-O O-O 10. Rac1 e5 11. e4 Nh5 12. Bxe7 Qxe7 13. g3 Nhf6 14. c3 Nh7 15.
Nh4 Ndf6 16. Nf5 Qd8 17. f4 Re8 18. fxe5 dxe5 19. d5 Bc8 20. Bb5 Bd7 21. c4 a6
22. Bxd7 Qxd7 23. c5 bxc5 24. Rxc5 Ra7 25. Ra5 Qc8 26. Rc1 Qb7 27. Nb3 Ng5 28.
Rc6 Ngxe4 29. Qc4 Ng5 30. Nxh6+ Kh7 31. Nf5 e4 32. Ne3 Nf3+ 33. Kg2 Ne5 34. Qc1
Nxc6 35. dxc6 Qb6 36. Nf5 e3 37. Rc5 e2 38. Qg5 1-0

[Event "Sonderjysk EMT 1. klasse 2013"]
[Site "Haderslev"]
[Date "2013.05.27"]
[Round "6"]
[White "Clausen, Hansjorgen"]
[Black "Skovvart, Niels"]
[Result "1-0"]
[WhiteElo "1576"]
[BlackElo "1686"]
[PlyCount "63"]
[EventDate "2013.??.??"]

1. d4 Nf6 2. Nf3 c5 3. c3 cxd4 4. cxd4 g6 5. Bf4 Bg7 6. e3 O-O 7. Be2 Qb6 8.
Qc2 d6 9. Nbd2 Nc6 10. O-O Bf5 11. Qb3 Qxb3 12. Nxb3 Nb4 13. a3 Nbd5 14. Bg5
Ne4 15. Nbd2 Nxg5 16. Nxg5 Rac8 17. Rac1 h6 18. Ngf3 g5 19. g3 Bg4 20. Rfe1 f5
21. Kg2 f4 22. Ne4 Nb6 23. Ned2 e5 24. dxe5 dxe5 25. a4 Nd7 26. Bc4+ Kh8 27. b3
Bxf3+ 28. Nxf3 g4 29. Nh4 f3+ 30. Kf1 Rc6 31. Bd5 Rxc1 32. Rxc1 1-0

[Event "Sonderjysk EMT 1. klasse 2013"]
[Site "Haderslev"]
[Date "2013.05.27"]
[Round "7"]
[White "Petersen, Broder"]
[Black "Clausen, Hansjorgen"]
[Result "0-1"]
[WhiteElo "1506"]
[BlackElo "1576"]
[PlyCount "102"]
[EventDate "2013.??.??"]

1. e4 b6 2. d4 e6 3. c4 Bb7 4. Nc3 Bb4 5. Bd3 Nf6 6. Nge2 Nxe4 7. O-O Nxc3 8.
bxc3 Be7 9. Qc2 h6 10. Nf4 Bg5 11. Nh5 O-O 12. f4 Bf6 13. g4 d6 14. Be4 Bxe4
15. Qxe4 Nd7 16. Rf2 g6 17. Ng3 c5 18. f5 exf5 19. gxf5 Re8 20. Qf4 Re1+ 21.
Rf1 Rxf1+ 22. Kxf1 cxd4 23. cxd4 g5 24. Qxd6 Nf8 25. Ba3 Qxd6 26. Bxd6 Rd8 27.
Be5 Nd7 28. Bxf6 Nxf6 29. Rd1 Ng4 30. Ke2 Re8+ 31. Kf3 Nxh2+ 32. Kf2 Ng4+ 33.
Kf3 Nf6 34. d5 Rd8 35. Ne4 Nd7 36. Rd4 Ne5+ 37. Kg3 Nc6 38. Rd2 Na5 39. Rd4 Nb7
40. Kg4 Kg7 41. Nc3 Nd6 42. Ne4 Nxe4 43. Rxe4 Kf6 44. Kh5 Rd6 45. Re8 Kxf5 46.
Re7 f6 47. Rxa7 Ke5 48. Kxh6 g4 49. Ra3 Kf4 50. Ra4 Kg3 51. Ra7 Kh4 0-1

[Event "Sonderjysk EMT 1. klasse 2013"]
[Site "Haderslev"]
[Date "2013.06.03"]
[Round "7"]
[White "Posselt, Karl"]
[Black "Asmund, Erik"]
[Result "1/2-1/2"]
[WhiteElo "1607"]
[BlackElo "1444"]
[PlyCount "34"]
[EventDate "2013.??.??"]

1. f4 d5 2. Nf3 Nf6 3. e3 Bg4 4. Be2 c6 5. d4 Nbd7 6. O-O e6 7. Nbd2 Be7 8. Ne5
Bf5 9. Ndf3 Ne4 10. g4 Bg6 11. Nxd7 Qxd7 12. Ne5 Qc7 13. f5 f6 14. Bd3 fxe5 15.
Bxe4 dxe4 16. fxg6 hxg6 17. Qe2 exd4 1/2-1/2